[Event "26th WSCC 2016 Open 50+"]
[Site "Marianske Lazne, Czech Republic - Hotel Cristal and Continental"]
[Date "2016.11.21"]
[Round "3.48"]
[White "Kylar, Miroslav"]
[Black "Gueci, Riccardo"]
[Result "0-1"]
[WhiteElo "1851"]
[BlackElo "2121"]
[PlyCount "120"]
[EventDate "2016.11.19"]

1. d4 b6 2. e4 Bb7 3. Nc3 g6 4. f4 Bg7 5. Nf3 d6 6. Bc4 e6 7. O-O Ne7 8. Be3
Nd7 9. Qd2 a6 10. a4 h6 11. b4 Nf6 12. Bd3 Ng4 13. Rae1 Nxe3 14. Rxe3 Nc6 15.
Ne2 e5 16. fxe5 dxe5 17. d5 Ne7 18. Ng3 Qd6 19. Nh4 Bf6 20. Nf3 Bg7 21. Nh4 a5
22. c3 axb4 23. cxb4 O-O 24. Qc2 c6 25. dxc6 Nxc6 26. b5 Nd4 27. Qa2 Bc8 28.
Bc4 Be6 29. Bxe6 Qxe6 30. Ra3 Qxa2 31. Rxa2 Nxb5 32. Rb2 Nd4 33. Rxb6 Rxa4 34.
Rb7 Ra2 35. Nf3 h5 36. Ng5 f6 37. Nf3 Bh6 38. Nh4 Rf7 39. Rb8+ Kg7 40. Rb6 Ne2+
41. Kh1 Nxg3+ 42. hxg3 Re2 43. Rb4 Rc7 44. Rb6 Bg5 45. Nf3 Be3 46. Ra6 Rcc2 47.
Nh4 Bg5 48. Ra7+ Kh6 49. Ra4 Bxh4 50. gxh4 Rxg2 51. Rxf6 Rh2+ 52. Kg1 Rxh4 53.
Re6 Rg4+ 54. Kf1 Rc5 55. Raa6 h4 56. Kf2 h3 57. Ra3 Rg2+ 58. Kf3 Rc1 59. Re8
Rf1+ 60. Ke3 h2 0-1

[Event "26th WSCC 2016 Open 50+"]
[Site "Marianske Lazne, Czech Republic - Hotel Cristal and Continental"]
[Date "2016.11.21"]
[Round "3.49"]
[White "Vieira, Alexandre Letizio"]
[Black "Gollain, Marc"]
[Result "1/2-1/2"]
[WhiteElo "1835"]
[BlackElo "2097"]
[PlyCount "85"]
[EventDate "2016.11.19"]

1. d4 Nf6 2. Bf4 e6 3. e3 c5 4. c3 b6 5. Nf3 Bb7 6. Bd3 cxd4 7. exd4 Be7 8.
Nbd2 d6 9. O-O O-O 10. Re1 Nbd7 11. a4 a6 12. h3 Rc8 13. Qe2 Ra8 14. Nc4 Qc7
15. Na3 Rfe8 16. Rad1 Qc6 17. Nc4 Bf8 18. Qc2 h6 19. Bf1 Rac8 20. Bh2 Qc7 21.
Ncd2 Qb8 22. Qb3 Qc7 23. Rc1 Rcd8 24. g4 g5 25. Bg2 Bc6 26. Re2 Qb7 27. Ne1 Rc8
28. f4 Bxg2 29. Nxg2 Qd5 30. Qc2 b5 31. Ne3 Qc6 32. fxg5 hxg5 33. axb5 axb5 34.
Rf2 Bg7 35. Rcf1 Rf8 36. Qd3 Ra8 37. Nc2 Qb6 38. Nf3 Nh7 39. Qe3 Ndf6 40. Nxg5
Nd5 41. Qd2 Bh6 42. h4 Rae8 43. Qd3 1/2-1/2

[Event "26th WSCC 2016 Open 50+"]
[Site "Marianske Lazne, Czech Republic - Hotel Cristal and Continental"]
[Date "2016.11.21"]
[Round "3.50"]
[White "Levrand, Roland"]
[Black "De Meester, Johan"]
[Result "1-0"]
[WhiteElo "2097"]
[BlackElo "1828"]
[PlyCount "79"]
[EventDate "2016.11.19"]

1. e4 d6 2. d4 g6 3. Be3 Bg7 4. Nc3 Nf6 5. h3 O-O 6. Nge2 Nbd7 7. g3 e5 8. Bg2
exd4 9. Bxd4 Re8 10. O-O Ne5 11. f4 Nc6 12. Bf2 Be6 13. Re1 Qd7 14. g4 h5 15.
f5 Bc4 16. Nd4 hxg4 17. hxg4 Ne5 18. g5 Nfg4 19. f6 Nxf2 20. Kxf2 Ng4+ 21. Kg3
Nxf6 22. gxf6 Bxf6 23. Nf3 Kg7 24. Qd2 Rh8 25. Rh1 Qe6 26. Rxh8 Rxh8 27. Rh1
Rxh1 28. Bxh1 Bf1 29. Bg2 Bc4 30. Kf2 Qg4 31. b3 Be6 32. Qd3 Qf4 33. Ne2 Qg4
34. Qe3 g5 35. c3 c5 36. Kg1 Qh5 37. Ng3 Qg4 38. Nh2 Qd1+ 39. Nhf1 Qc2 40. Nh5+
1-0

[Event "26th WSCC 2016 Open 50+"]
[Site "Marianske Lazne, Czech Republic - Hotel Cristal and Continental"]
[Date "2016.11.21"]
[Round "3.51"]
[White "Vasse, Albert"]
[Black "Vepkhvishvili, Varlam"]
[Result "0-1"]
[WhiteElo "1826"]
[BlackElo "2086"]
[PlyCount "50"]
[EventDate "2016.11.19"]

1. e4 e5 2. Nf3 Nc6 3. c3 d6 4. d4 Bd7 5. Bc4 Na5 6. Bd3 Qf6 7. Bg5 Qg6 8. dxe5
dxe5 9. O-O f6 10. Bh4 O-O-O 11. Qe2 Ne7 12. b4 Nac6 13. a4 Qh5 14. a5 Ng6 15.
Bg3 Nf4 16. Bxf4 exf4 17. b5 Ne5 18. Nd4 f3 19. Nxf3 Bg4 20. b6 Nxf3+ 21. gxf3
Bxf3 22. Qxf3 Qxf3 23. bxa7 Kd7 24. Bc2 Bd6 25. Nd2 Qf4 0-1

[Event "26th WSCC 2016 Open 50+"]
[Site "Marianske Lazne, Czech Republic - Hotel Cristal and Continental"]
[Date "2016.11.21"]
[Round "3.52"]
[White "Liberchuk, Ilia"]
[Black "Molnar, Ladislav"]
[Result "1-0"]
[WhiteElo "2076"]
[BlackElo "1738"]
[PlyCount "69"]
[EventDate "2016.11.19"]

1. c4 e5 2. g3 d6 3. Bg2 f5 4. Nc3 Nf6 5. d3 Be7 6. Nf3 O-O 7. O-O Nc6 8. a3 a5
9. Rb1 h6 10. b4 axb4 11. axb4 Qe8 12. e3 g5 13. Ne1 Kg7 14. b5 Nd8 15. f4 Nf7
16. Nc2 Rh8 17. Nb4 g4 18. Nbd5 Nxd5 19. Nxd5 Bd8 20. e4 c6 21. bxc6 bxc6 22.
Nc3 fxe4 23. Bxe4 exf4 24. Bxf4 Bg5 25. Qd2 Ra7 26. Rbe1 Qd8 27. Qf2 Rc7 28.
Bxg5 Qxg5 29. Bg2 Ne5 30. Qd4 Qe7 31. c5 Re8 32. cxd6 c5 33. Qxe5+ Qxe5 34.
Rxe5 Rxe5 35. dxc7 1-0

[Event "26th WSCC 2016 Open 50+"]
[Site "Marianske Lazne, Czech Republic - Hotel Cristal and Continental"]
[Date "2016.11.21"]
[Round "3.53"]
[White "Vlcek, Antonin"]
[Black "Yasin, Hur"]
[Result "0-1"]
[WhiteElo "1798"]
[BlackElo "2075"]
[PlyCount "104"]
[EventDate "2016.11.19"]

1. e4 c5 2. Nf3 g6 3. Bc4 Nc6 4. d4 cxd4 5. Nxd4 Nf6 6. Nxc6 bxc6 7. Nc3 Qa5 8.
O-O Bg7 9. Qe2 d6 10. Rb1 Rb8 11. a3 O-O 12. b4 Qe5 13. f4 Qd4+ 14. Be3 Qxc3
15. Rb3 Bg4 16. Rxc3 Bxe2 17. Bxe2 Nd5 18. exd5 Bxc3 19. dxc6 Rfc8 20. b5 Rc7
21. a4 Ba5 22. Bc1 Kf8 23. f5 Bc3 24. Be3 Kg7 25. Bc4 gxf5 26. Rxf5 e6 27. Rg5+
Kh8 28. Rh5 Be5 29. Bd3 f6 30. a5 f5 31. Rh6 Re8 32. c4 Kg7 33. g4 Bd4 34. Rh3
Bxe3+ 35. Rxe3 fxg4 36. Bf5 Kf6 37. Be4 Rb8 38. Bd3 h5 39. h3 d5 40. hxg4 hxg4
41. Rg3 Rg7 42. c5 Rc8 43. a6 Ke5 44. Be2 Kd4 45. Rxg4+ Rxg4+ 46. Bxg4 Rg8 47.
c7 Kxc5 48. Kf2 Kd6 49. b6 axb6 50. a7 Ra8 51. Ke3 Kxc7 52. Bxe6 Kd6 0-1

[Event "26th WSCC 2016 Open 50+"]
[Site "Marianske Lazne, Czech Republic - Hotel Cristal and Continental"]
[Date "2016.11.21"]
[Round "3.54"]
[White "Tkadlecek, Petr"]
[Black "Mohapl, Petr"]
[Result "0-1"]
[WhiteElo "1733"]
[BlackElo "2066"]
[PlyCount "84"]
[EventDate "2016.11.19"]

1. d4 Nf6 2. Nf3 d5 3. Bf4 Bf5 4. e3 c6 5. Bd3 Bxd3 6. Qxd3 Nbd7 7. O-O Nh5 8.
Bg5 h6 9. Bh4 Qb6 10. b3 g5 11. Bg3 Nxg3 12. fxg3 Bg7 13. Nbd2 O-O 14. c4 e6
15. c5 Qc7 16. e4 b6 17. Rac1 bxc5 18. exd5 cxd5 19. dxc5 Qa5 20. c6 Ne5 21.
Nxe5 Bxe5 22. Rc2 Rac8 23. Nf3 Bg7 24. Kh1 Rc7 25. h4 gxh4 26. gxh4 Qb6 27. Nh2
Rxc6 28. Rxc6 Qxc6 29. Qe3 e5 30. Qg3 d4 31. h5 f5 32. b4 Qe6 33. a4 e4 34. Rc1
Qe5 35. Qxe5 Bxe5 36. Nf1 Bf4 37. Rb1 e3 38. g3 Bg5 39. Kg2 e2 40. Nh2 d3 41.
Kf2 Re8 42. Nf3 d2 0-1

[Event "26th WSCC 2016 Open 50+"]
[Site "Marianske Lazne, Czech Republic - Hotel Cristal and Continental"]
[Date "2016.11.21"]
[Round "3.55"]
[White "Privoznik, Lubos"]
[Black "Siebenburger, Vlastimil"]
[Result "1/2-1/2"]
[WhiteElo "1652"]
[BlackElo "2048"]
[PlyCount "33"]
[EventDate "2016.11.19"]

1. e4 c5 2. Nc3 Nc6 3. Bb5 g6 4. Bxc6 dxc6 5. f4 Bg7 6. Nf3 Nf6 7. d3 O-O 8.
O-O b6 9. h3 Qc7 10. Qe1 Ba6 11. Qh4 h6 12. g4 Nh7 13. Rf2 f6 14. Ne2 e5 15. f5
g5 16. Qg3 Rf7 17. h4 1/2-1/2

[Event "26th WSCC 2016 Open 50+"]
[Site "Marianske Lazne, Czech Republic - Hotel Cristal and Continental"]
[Date "2016.11.21"]
[Round "3.56"]
[White "Elias, Miroslav"]
[Black "Maly, Petr"]
[Result "1/2-1/2"]
[WhiteElo "2043"]
[BlackElo "1667"]
[PlyCount "157"]
[EventDate "2016.11.19"]

1. d4 Nf6 2. c4 c5 3. e3 d6 4. Nf3 Bg4 5. Be2 g6 6. h3 Bxf3 7. Bxf3 Qc7 8. Nc3
a6 9. O-O Bg7 10. dxc5 dxc5 11. Qb3 Ra7 12. e4 e6 13. Be3 O-O 14. Rfd1 Nfd7 15.
Rd2 Nc6 16. Qa3 b6 17. Rad1 Nd4 18. Bxd4 cxd4 19. Ne2 e5 20. b4 a5 21. bxa5
Rxa5 22. Qb4 Qc5 23. Qxc5 Nxc5 24. Rb2 Rfa8 25. Rxb6 Rxa2 26. Rdb1 Ra1 27. Kh2
Rxb1 28. Rxb1 Bf8 29. Nc1 Kg7 30. Nb3 Rb8 31. Nd2 Rxb1 32. Nxb1 f5 33. Nd2 Kf6
34. exf5 gxf5 35. Bd5 e4 36. Kg1 Bh6 37. Nb1 f4 38. Kf1 e3 39. fxe3 fxe3 40. g4
Bg5 41. Bf3 Ke5 42. Na3 Kf4 43. Bd1 d3 44. Nb5 e2+ 45. Bxe2 dxe2+ 46. Kxe2 Kg3
47. Nd6 Kxh3 48. Kf3 Nd3 49. Ne4 Ne5+ 50. Ke2 Kxg4 51. c5 Bd8 52. Ke3 h5 53.
Kd4 Nf3+ 54. Kd5 h4 55. Kd6 Nd4 56. Kd5 Nb5 57. Kc6 Kf3 58. Nd2+ Kg2 59. Kxb5
h3 60. Kc6 h2 61. Kd7 Ba5 62. Nc4 h1=Q 63. Nxa5 Qd1+ 64. Kc7 Qd2 65. Nb7 Qf4+
66. Kb6 Qb4+ 67. Kc7 Kf3 68. c6 Ke4 69. Kb8 Qf8+ 70. Ka7 Qe7 71. Kb6 Kd5 72. c7
Qe3+ 73. Ka6 Qa3+ 74. Kb6 Qb4+ 75. Ka7 Qd4+ 76. Kb8 Qe5 77. Nd8 Kc5 78. Kb7
Qxc7+ 79. Kxc7 1/2-1/2

[Event "26th WSCC 2016 Open 50+"]
[Site "Marianske Lazne, Czech Republic - Hotel Cristal and Continental"]
[Date "2016.11.21"]
[Round "3.57"]
[White "Thuesen, Mogens"]
[Black "Frost, Peter"]
[Result "1-0"]
[WhiteElo "2207"]
[BlackElo "1916"]
[PlyCount "107"]
[EventDate "2016.11.19"]

1. d4 e6 2. c4 b6 3. Nc3 Bb4 4. e3 Bxc3+ 5. bxc3 Bb7 6. Nf3 Nf6 7. Bd3 d6 8.
O-O Nbd7 9. Nd2 Qe7 10. f4 O-O 11. Ba3 c5 12. Qe1 e5 13. fxe5 dxe5 14. e4 Rfe8
15. d5 Rf8 16. Nf3 Nh5 17. Bc1 Rfe8 18. Nh4 g6 19. Be2 Nf4 20. g3 Nxe2+ 21.
Qxe2 b5 22. cxb5 a6 23. c4 axb5 24. cxb5 Ra4 25. Qc2 Rea8 26. Be3 c4 27. Nf3
Qa3 28. Qf2 c3 29. Ng5 f6 30. Qf3 Qb2 31. Qg4 Nf8 32. Rab1 Qxa2 33. Qf3 f5 34.
g4 f4 35. Bxf4 exf4 36. Qxf4 Bxd5 37. Qc7 R4a7 38. Qxc3 Qc4 39. Qe5 Qc5+ 40.
Rf2 Rf7 41. Qxd5 Qxd5 42. exd5 Rxf2 43. Kxf2 Nd7 44. Ke3 Ra4 45. Ne4 Kf8 46. b6
Ke7 47. b7 Nb8 48. d6+ Kf7 49. Rf1+ Kg7 50. Rc1 Rb4 51. Rc7+ Kh6 52. g5+ Kh5
53. Kf4 h6 54. Rh7 1-0

[Event "26th WSCC 2016 Open 50+"]
[Site "Marianske Lazne, Czech Republic - Hotel Cristal and Continental"]
[Date "2016.11.21"]
[Round "3.59"]
[White "Semakoff, Aleks"]
[Black "Randak, Pavel"]
[Result "1/2-1/2"]
[WhiteElo "2084"]
[BlackElo "1826"]
[PlyCount "53"]
[EventDate "2016.11.19"]

1. e4 c5 2. Nf3 Nc6 3. d4 cxd4 4. Nxd4 g6 5. Nc3 Bg7 6. Nce2 Nf6 7. Nxc6 bxc6
8. Ng3 O-O 9. Bd3 d5 10. O-O Qb6 11. c4 Rd8 12. Qc2 Be6 13. Be3 Qb7 14. Rab1
Ng4 15. Bf4 Ne5 16. Bxe5 Bxe5 17. b4 Qc7 18. Rfd1 h5 19. exd5 cxd5 20. c5 Kg7
21. b5 Rac8 22. c6 h4 23. Nf1 Bg4 24. Be2 Bf5 25. Bd3 Bg4 26. Be2 Bf5 27. Bd3
1/2-1/2

[Event "26th WSCC 2016 Open 50+"]
[Site "Marianske Lazne, Czech Republic - Hotel Cristal and Continental"]
[Date "2016.11.21"]
[Round "3.61"]
[White "Spiess, Thomas"]
[Black "Laloucek, Miroslav"]
[Result "1-0"]
[WhiteElo "1999"]
[BlackElo "1771"]
[PlyCount "45"]
[EventDate "2016.11.19"]

1. Nf3 b6 2. g3 Bb7 3. Bg2 d5 4. O-O e6 5. c4 Nf6 6. d4 h6 7. Nc3 Bd6 8. cxd5
exd5 9. Nb5 O-O 10. Nxd6 Qxd6 11. Bf4 Qe7 12. Rc1 c5 13. dxc5 bxc5 14. Qc2 Nbd7
15. Nh4 Qe6 16. Nf5 Qb6 17. Qd2 Rfe8 18. Bxh6 g6 19. Ne3 d4 20. Nc4 Bxg2 21.
Nxb6 Ne4 22. Qf4 Bxf1 23. Nxd7 1-0

[Event "26th WSCC 2016 Open 50+"]
[Site "Marianske Lazne, Czech Republic - Hotel Cristal and Continental"]
[Date "2016.11.21"]
[Round "3.62"]
[White "Macek, Oldrich"]
[Black "Borovicka, Bohumil"]
[Result "1/2-1/2"]
[WhiteElo "1677"]
[BlackElo "1991"]
[PlyCount "80"]
[EventDate "2016.11.19"]

1. e4 d5 2. Nf3 dxe4 3. Ng5 Nf6 4. Nc3 Bg4 5. Be2 Bxe2 6. Qxe2 c6 7. Ngxe4 e6
8. O-O Be7 9. d3 O-O 10. Be3 Nbd7 11. f4 Nd5 12. Nxd5 cxd5 13. Ng3 b6 14. d4 g6
15. Qf3 f5 16. Rfe1 Nf6 17. Rac1 Rc8 18. Qe2 Ne4 19. Nxe4 fxe4 20. c4 Bf6 21.
g3 Qd6 22. Rc2 Rc6 23. Rec1 Rfc8 24. c5 bxc5 25. dxc5 Qd8 26. Bf2 e5 27. fxe5
Bxe5 28. b4 Re6 29. Rd1 Bc7 30. Be3 Rb8 31. b5 Be5 32. Rcd2 Qa5 33. Rxd5 Qxb5
34. Rd8+ Kf7 35. Qxb5 Rxb5 36. R1d7+ Re7 37. c6 Rb1+ 38. Kg2 Rb2+ 39. Rd2 Rxd2+
40. Rxd2 Ke6 1/2-1/2

[Event "26th WSCC 2016 Open 50+"]
[Site "Marianske Lazne, Czech Republic - Hotel Cristal and Continental"]
[Date "2016.11.21"]
[Round "3.63"]
[White "Rehurek, Jiri"]
[Black "Kucera, Jiri"]
[Result "0-1"]
[WhiteElo "1633"]
[BlackElo "1958"]
[PlyCount "76"]
[EventDate "2016.11.19"]

1. c4 f5 2. g3 Nf6 3. Bg2 e5 4. d4 d6 5. dxe5 dxe5 6. Qxd8+ Kxd8 7. Nc3 c6 8.
e4 Be6 9. b3 Nbd7 10. Bg5 Bb4 11. Nge2 Kc7 12. O-O h6 13. Bxf6 Nxf6 14. Rac1
fxe4 15. Nxe4 Nxe4 16. Bxe4 Rad8 17. Rfd1 Bc5 18. Rxd8 Rxd8 19. Kg2 a5 20. Rc2
a4 21. bxa4 Ra8 22. f4 Rxa4 23. fxe5 Rxc4 24. Rxc4 Bxc4 25. Nc1 Bd4 26. Nb3
Bxe5 27. Kf3 Be6 28. Bg6 b6 29. Ke4 Kd6 30. Nc1 Bf6 31. Nb3 c5 32. h4 Be5 33.
Kf3 c4 34. Nd2 Kc5 35. a4 c3 36. Ne4+ Kb4 37. Nxc3 Bxc3 38. Be8 Bb3 0-1

[Event "26th WSCC 2016 Open 50+"]
[Site "Marianske Lazne, Czech Republic - Hotel Cristal and Continental"]
[Date "2016.11.21"]
[Round "3.64"]
[White "Sielicki, Tomasz"]
[Black "Muniraju, Narayanappa"]
[Result "1/2-1/2"]
[WhiteElo "1947"]
[BlackElo "1264"]
[PlyCount "131"]
[EventDate "2016.11.19"]

1. d4 Nf6 2. c4 e6 3. Nf3 g6 4. Nc3 Bg7 5. e4 d6 6. Bd3 Nbd7 7. O-O e5 8. Bg5
c6 9. dxe5 Nxe5 10. h3 Qb6 11. Nxe5 dxe5 12. Be3 Qc7 13. c5 Be6 14. Qe2 O-O 15.
Bc4 Rfe8 16. Rad1 Bf8 17. Rd2 Qa5 18. Bxe6 Rxe6 19. Qc4 Ree8 20. b4 Qc7 21. f4
b5 22. cxb6 axb6 23. fxe5 b5 24. Nxb5 Qxe5 25. Nc7 Qxc7 26. Rxf6 Qe7 27. Rdf2
Qxb4 28. Qxf7+ Kh8 29. Bd2 Qd4 30. Kh2 Bd6+ 31. g3 Rf8 32. Qe6 Rae8 33. Rxf8+
Bxf8 34. Qf6+ Bg7 35. Qxd4 Bxd4 36. Re2 c5 37. Kg2 Kg7 38. Kf3 Rf8+ 39. Kg2 h6
40. Be3 Rd8 41. Bxd4+ Rxd4 42. Kf3 Kf6 43. Rc2 c4 44. a4 Ke5 45. a5 Rd3+ 46.
Kf2 Kd4 47. e5 Ra3 48. e6 Rxa5 49. e7 Ra8 50. Re2 Re8 51. Ke1 Kd3 52. Kd1 Kc3
53. Kc1 Kb3 54. Re3+ c3 55. Re6 g5 56. g4 Kc4 57. Kc2 Kd5 58. Rxh6 Rxe7 59. Rh5
Kd4 60. Rxg5 Re2+ 61. Kd1 Rh2 62. Rh5 Kd3 63. Rd5+ Kc4 64. Rh5 Kd3 65. Rd5+ Kc4
66. Rh5 1/2-1/2

[Event "26th WSCC 2016 Open 50+"]
[Site "Marianske Lazne, Czech Republic - Hotel Cristal and Continental"]
[Date "2016.11.21"]
[Round "3.65"]
[White "Giulian, Rosemary A"]
[Black "Svoboda, Frantisek"]
[Result "1/2-1/2"]
[WhiteElo "1932"]
[BlackElo "1701"]
[PlyCount "83"]
[EventDate "2016.11.19"]

1. e4 Nc6 2. Nf3 Nf6 3. e5 Ng4 4. d4 d6 5. h3 Nh6 6. Bb5 a6 7. Bxc6+ bxc6 8. c4
g6 9. O-O Nf5 10. Qe2 Bh6 11. Bxh6 Nxh6 12. Nc3 O-O 13. Ne4 Nf5 14. Rad1 Re8
15. g4 Ng7 16. Qe3 Ne6 17. Qh6 Nf8 18. Rfe1 f5 19. gxf5 Bxf5 20. Neg5 e6 21.
Nh4 Qe7 22. Ne4 Bxe4 23. Rxe4 Qg7 24. Qe3 Re7 25. Nf3 d5 26. Rg4 Rf7 27. Rc1
Rf5 28. cxd5 cxd5 29. Nh2 Qf7 30. Rg2 h5 31. Rc3 Rf4 32. Nf3 Rb8 33. b3 Nh7 34.
Qd3 Nf8 35. Ng5 Qe7 36. Rc6 Rb6 37. Rxb6 cxb6 38. Qxa6 Qb4 39. Qb7 Qe1+ 40. Kh2
Rxf2 41. Rxf2 Qxf2+ 42. Kh1 1/2-1/2

[Event "26th WSCC 2016 Open 50+"]
[Site "Marianske Lazne, Czech Republic - Hotel Cristal and Continental"]
[Date "2016.11.21"]
[Round "3.67"]
[White "Habada, Jindrich"]
[Black "Dobes, Ludek"]
[Result "0-1"]
[WhiteElo "1799"]
[BlackElo "2038"]
[PlyCount "82"]
[EventDate "2016.11.19"]

1. b3 Nf6 2. Bb2 g6 3. e3 Bg7 4. f4 d5 5. Nf3 O-O 6. Be2 c5 7. O-O Nc6 8. d4
cxd4 9. Nxd4 Qb6 10. Kh1 Bd7 11. Qc1 Rac8 12. Nd2 Rfd8 13. N2f3 Nb4 14. a3 Na6
15. Ne5 Be8 16. Ndf3 Nc5 17. Bd4 Qc7 18. Qb2 Ne6 19. Rac1 Nxd4 20. Qxd4 Qa5 21.
Bd3 a6 22. Qb4 Qxb4 23. axb4 Rc3 24. Rfd1 e6 25. Ra1 Bf8 26. b5 Bxb5 27. Bxb5
axb5 28. Ra7 Rb8 29. Ng5 Bc5 30. Ra5 Bxe3 31. g3 Rf8 32. Rd3 Rxd3 33. cxd3 h6
34. Ngf3 Rc8 35. Rxb5 Rc7 36. Kg2 Ne8 37. Ng4 Nd6 38. Ra5 Bb6 39. Ra8+ Kg7 40.
Ne1 Rc1 41. Kf1 Rb1 0-1

[Event "26th WSCC 2016 Open 50+"]
[Site "Marianske Lazne, Czech Republic - Hotel Cristal and Continental"]
[Date "2016.11.21"]
[Round "3.68"]
[White "Ruzicka, Tomas"]
[Black "Cafolla, Peter"]
[Result "0-1"]
[WhiteElo "1796"]
[BlackElo "1996"]
[PlyCount "66"]
[EventDate "2016.11.19"]

1. e4 c5 2. f4 d5 3. e5 Nc6 4. Nf3 Bg4 5. Bb5 e6 6. Bxc6+ bxc6 7. O-O h5 8. h3
Bf5 9. d3 Be7 10. Be3 Rb8 11. b3 Nh6 12. Nbd2 Bg6 13. Qe1 Nf5 14. Bf2 Rb7 15.
h4 Nh6 16. Ng5 Ng4 17. Ndf3 O-O 18. Nh2 Nxf2 19. Qxf2 Qa5 20. Qg3 Bf5 21. Qf3
f6 22. Nh3 Qc3 23. Qxh5 Bxh3 24. gxh3 c4 25. Qg6 Qxc2 26. bxc4 dxc4 27. Rf3 Rb2
28. Qg3 cxd3 29. Rxd3 fxe5 30. Rc3 Bc5+ 31. Kh1 Rb1+ 32. Nf1 Qe4+ 33. Kh2 Rb2+
0-1

[Event "26th WSCC 2016 Open 50+"]
[Site "Marianske Lazne, Czech Republic - Hotel Cristal and Continental"]
[Date "2016.11.21"]
[Round "3.69"]
[White "Horak, Vladimir"]
[Black "De Winter, Gerard"]
[Result "1-0"]
[WhiteElo "1961"]
[BlackElo "1771"]
[PlyCount "105"]
[EventDate "2016.11.19"]

1. d4 Nf6 2. c4 g6 3. Nc3 d6 4. e4 Bg7 5. Nf3 O-O 6. h3 c6 7. Be3 Nbd7 8. Be2
e5 9. dxe5 Nxe5 10. Nxe5 dxe5 11. Qxd8 Rxd8 12. O-O Be6 13. Rfd1 b6 14. a4 Bf8
15. f3 Kg7 16. Kf2 Nd7 17. a5 Bc5 18. Na4 Bxe3+ 19. Kxe3 bxa5 20. Rd6 Nb6 21.
Rxd8 Rxd8 22. b3 Nxa4 23. Rxa4 Rb8 24. Bd1 Rb7 25. Rxa5 f6 26. h4 h5 27. g3 Kf7
28. f4 exf4+ 29. gxf4 Bg4 30. Bc2 Rd7 31. Ra1 Ke7 32. c5 Rb7 33. Kd4 Be2 34.
Kc3 Bb5 35. b4 Rd7 36. Rg1 Kf7 37. Bb3+ Kg7 38. f5 Rd3+ 39. Kc2 g5 40. hxg5 h4
41. gxf6+ Kxf6 42. Rg6+ Ke5 43. Re6+ Kd4 44. Rh6 Kxe4 45. f6 h3 46. f7 Rf3 47.
Rh4+ Ke3 48. Rxh3 Rxh3 49. f8=Q Bd3+ 50. Kb2 Rh2+ 51. Ka3 Rh1 52. Qe7+ Be4 53.
Qg5+ 1-0

[Event "26th WSCC 2016 Open 50+"]
[Site "Marianske Lazne, Czech Republic - Hotel Cristal and Continental"]
[Date "2016.11.21"]
[Round "3.70"]
[White "Sand, Rosemarie"]
[Black "Shaw, Meyrick"]
[Result "0-1"]
[WhiteElo "1763"]
[BlackElo "1947"]
[PlyCount "84"]
[EventDate "2016.11.19"]

1. d4 Nf6 2. c4 g6 3. g3 d5 4. Nf3 c6 5. cxd5 cxd5 6. Bg2 Bg7 7. O-O O-O 8. Nc3
Bf5 9. Qb3 Nc6 10. Bf4 Na5 11. Qb4 Rc8 12. Rac1 Re8 13. b3 Bf8 14. Be5 b6 15.
Na4 Ne4 16. Qe1 g5 17. g4 Bxg4 18. h3 Bd7 19. Nd2 f6 20. Bg3 Bxa4 21. bxa4 f5
22. Nxe4 dxe4 23. e3 Qd7 24. Qe2 Qe6 25. Rfd1 Bh6 26. Qh5 Qg6 27. Qe2 e6 28.
Qa6 Nc6 29. d5 exd5 30. Qb5 Qe6 31. Qxd5 a6 32. Qb3 Na5 33. Rxc8 Nxb3 34. Rxe8+
Qxe8 35. Bf1 Na5 36. Rd5 Qc6 37. Rxf5 Qxa4 38. Re5 b5 39. Re6 Nc4 40. Bg2 Nd2
41. Rxh6 Qxa2 42. Rd6 b4 0-1

[Event "26th WSCC 2016 Open 50+"]
[Site "Marianske Lazne, Czech Republic - Hotel Cristal and Continental"]
[Date "2016.11.21"]
[Round "3.71"]
[White "Cesar, Geovanny"]
[Black "Svec, Jan"]
[Result "0-1"]
[WhiteElo "1942"]
[BlackElo "1717"]
[PlyCount "100"]
[EventDate "2016.11.19"]

1. d4 d5 2. c4 e6 3. Nc3 Nf6 4. Bg5 Nbd7 5. c5 Be7 6. e3 h6 7. Bh4 c6 8. h3 b6
9. b4 bxc5 10. bxc5 Qa5 11. Qd2 Ne4 12. Nxe4 Qxd2+ 13. Nxd2 Bxh4 14. Ngf3 Bf6
15. Rb1 O-O 16. Be2 a5 17. a4 Re8 18. O-O e5 19. Rfe1 exd4 20. exd4 Rb8 21.
Rxb8 Nxb8 22. Nb3 Bd8 23. Kf1 f6 24. Rb1 Na6 25. Bxa6 Bxa6+ 26. Kg1 Bc7 27. g3
Kf7 28. Kg2 Re2 29. Nbd2 Re8 30. Rb3 Rb8 31. Rxb8 Bxb8 32. Nb3 Bc7 33. Nfd2 Bd3
34. Kf3 Bc2 35. Ke3 Ke6 36. Kf3 h5 37. h4 Kf5 38. Ke3 g5 39. hxg5 fxg5 40. Kf3
Bd8 41. Ke3 Kg4 42. Ke2 h4 43. gxh4 gxh4 44. f3+ Kf4 45. Nc1 Bxa4 46. Nd3+ Kf5
47. Nf1 Bb5 48. Ne3+ Ke6 49. Kd2 Bxd3 50. Kxd3 h3 0-1

[Event "26th WSCC 2016 Open 50+"]
[Site "Marianske Lazne, Czech Republic - Hotel Cristal and Continental"]
[Date "2016.11.21"]
[Round "3.72"]
[White "Wilkinson, Ian"]
[Black "Koci, Vladimir"]
[Result "1-0"]
[WhiteElo "1885"]
[BlackElo "1636"]
[PlyCount "85"]
[EventDate "2016.11.19"]

1. e4 c5 2. Nf3 e6 3. d4 cxd4 4. Nxd4 Nc6 5. Nc3 a6 6. f4 Qc7 7. Be3 Nxd4 8.
Qxd4 b5 9. Bd3 Bb7 10. O-O-O Nf6 11. Rhe1 Rc8 12. Kb1 Bc5 13. Qxc5 Qxc5 14.
Bxc5 Rxc5 15. h3 Ke7 16. g4 h6 17. Re3 Rd8 18. a3 d5 19. e5 Nxg4 20. hxg4 d4
21. Ne4 dxe3 22. Nxc5 Bf3 23. Re1 Bxg4 24. Rxe3 Rd4 25. Re4 Rd5 26. Nxa6 h5 27.
Nc7 Rc5 28. Na6 Rc8 29. Bxb5 Bf5 30. Re2 h4 31. Nb4 Bg4 32. Rg2 Bf3 33. Rxg7
Rh8 34. Bc6 Kf8 35. Rg1 Be2 36. Rg2 Bf1 37. Rf2 Bc4 38. b3 Bd5 39. Nxd5 Rg8 40.
Nf6 Rg1+ 41. Kb2 h3 42. a4 Rg6 43. Rd2 1-0

[Event "26th WSCC 2016 Open 50+"]
[Site "Marianske Lazne, Czech Republic - Hotel Cristal and Continental"]
[Date "2016.11.21"]
[Round "3.73"]
[White "Dolezal, Rudolf"]
[Black "Sladek, Jaroslav"]
[Result "1/2-1/2"]
[WhiteElo "1744"]
[BlackElo "1881"]
[PlyCount "129"]
[EventDate "2016.11.19"]

1. e4 d5 2. exd5 Nf6 3. Nf3 Nxd5 4. d4 c6 5. c4 Nf6 6. Nc3 Bf5 7. Bd3 Bxd3 8.
Qxd3 e6 9. O-O Be7 10. Be3 O-O 11. Rad1 Qa5 12. a3 Rd8 13. Qe2 Nbd7 14. Bd2 Qh5
15. h3 Nf8 16. Bc1 Ng6 17. Rfe1 Bd6 18. Ne4 Nxe4 19. Qxe4 Rd7 20. c5 Be7 21. b4
Rad8 22. Rd3 Bf6 23. g4 Qd5 24. Qe2 h6 25. Red1 Nh4 26. Nxh4 Bxh4 27. Bf4 Bf6
28. Bd6 Be7 29. Bf4 Qc4 30. Rc1 Qd5 31. Rcd1 Bg5 32. Bd6 Re8 33. Rf3 Be7 34.
Be5 Bd8 35. Re3 Bc7 36. Rb1 Bxe5 37. dxe5 Red8 38. f4 Qd4 39. Rf1 Rd5 40. Kg2
b6 41. Re4 Qc3 42. Re3 Rd3 43. Rff3 Qd2 44. cxb6 axb6 45. Qxd2 Rxd2+ 46. Kg3 c5
47. bxc5 bxc5 48. Rc3 R8d5 49. Rc4 g5 50. h4 gxf4+ 51. Rcxf4 Rd7 52. Rc4 R7d5
53. Rff4 Rd7 54. Rc3 R2d5 55. Re4 Rd3+ 56. Re3 R3d5 57. h5 Ra7 58. Re4 Rad7 59.
Kf4 Ra7 60. a4 Kg7 61. Rcc4 Ra5 62. Re3 Rd4+ 63. Re4 Rd1 64. Kf3 Rd3+ 65. Re3
1/2-1/2

[Event "26th WSCC 2016 Open 50+"]
[Site "Marianske Lazne, Czech Republic - Hotel Cristal and Continental"]
[Date "2016.11.21"]
[Round "3.74"]
[White "Meier, Franz"]
[Black "Jesensky, Jaromir"]
[Result "1-0"]
[WhiteElo "1859"]
[BlackElo "1500"]
[PlyCount "25"]
[EventDate "2016.11.19"]

1. e4 d5 2. exd5 Qxd5 3. Nc3 Qd6 4. d4 Nf6 5. Nf3 c6 6. Ne5 Bf5 7. Be2 Nbd7 8.
f4 Nd5 9. Nxd5 Qxd5 10. O-O Nf6 11. Bc4 Qe4 12. Bxf7+ Kd8 13. Bb3 1-0